000 00324nam a22001457a 4500
008 221122b ||||| |||| 00| 0 eng d
020 _a9781584805540
041 _aeng
080 _a61
082 _a61ARC
100 _a4
101 _aMJK
245 _aRESPONDING TO EMERGENCIES
_cAMERICAN RED CROSS
942 _2udc
_cBK
999 _c59007
_d59007